000
00303nam a22001337a 4500
003
SGT
020
_a
9788129135537
082
_a
823.92
_b
BHA
100
_a
BHAGAT CHETAN
245
_a
REVOLUTION 2020
_b
LOVE CORRUPTION AMBITION
260
_a
NEW DELHI
_b
RUPA
_c
2022
300
_a
296
942
_2
ddc
_c
BK
_0
5
999
_c
23362
_d
23362